000 00952nam a22001937a 4500
003 BR-ViAPE
005 20260422113114.0
008 260422s1898 por gs||||s000 0 por d
040 _cBR-ViAPE
110 _aEspírito Santo
_bEstado
245 _aMensagem lida pelo Exm. Sr. Dr. José Marcellino P. de Vasconcellos Presidente do Estado do Espírito Santo na instalação do Congresso Legislativo em 7 de setembro de 1898
260 _aVitória
_bPapelaria e Typ. de A. Moreira Dantas
_c1898
300 _a12 p.
_bDocumento digitalizado (PDF)
500 _aDocumento digitalizado do acervo institucional do Arquivo Público do Estado do Espírito Santo - APEES.
650 _aAdministração pública
_zEspírito Santo
651 _aEspírito Santo
_xAdministração pública
856 _uhttps://ape.es.gov.br/Media/ape/PDF/Mensagens/JOS%C3%89%20MARCELLINO%20P.%20DE%20VASCONCELLOS.pdf
_yCLIQUE AQUI PARA ACESSAR O DOCUMENTO
942 _2ddc
_cMSGREL
_n1
999 _c534
_d534